000 00196nam a22000857a 4500
999 _c10949
_d10949
008 180423b ||||| |||| 00| 0 eng d
100 _aPooranmal
_96753
245 _aMathematics-7
260 _aNew Delhi